| 000 | 01989nam a2200349 4500 | ||
|---|---|---|---|
| 005 | 20250719174839.0 | ||
| 008 | 250719b2024 th ||||| |||| 00| 0 chi d | ||
| 040 |
_aPIMLIB _cPIMLIB |
||
| 050 |
_aThesis _bX6R _y2024 |
||
| 100 |
_9101541 _aXIANG GAO |
||
| 245 | _a儒家文化对企业绿色技术创新、环 境绩效的影响机制研究 | ||
| 246 | _aResearch on the influence mechanism of confucian culture on green technology innovation and environmental performance in enterprises | ||
| 260 |
_aNonthaburi : _bPanyapiwat Institute of Management, _c2024 |
||
| 300 | _aP.118 | ||
| 502 | _aThesis : Doctor of Philosophy Business Administration (Chinese Program) -- Panyapiwat Institute of Management, 2024. | ||
| 650 | 0 |
_963800 _aCPHD |
|
| 650 | 0 |
_9101542 _a儒家文化 |
|
| 650 | 0 |
_9101543 _a绿色技术创新 |
|
| 650 | 0 |
_9101544 _a环境绩效 |
|
| 650 | 0 |
_9101545 _a制度环境 |
|
| 650 | 0 |
_9101546 _a组织情境 |
|
| 650 | 0 |
_9101547 _a非正式制度 |
|
| 650 | 0 |
_9101548 _aConfucian Culture |
|
| 650 | 0 |
_9101549 _aGreen Technology Innovation |
|
| 650 | 0 |
_9101550 _aEnvironmental performance |
|
| 650 | 0 |
_9101551 _aOrganization Context |
|
| 690 |
_947390 _a0011-3 วิทยาลัยนานาชาติศึกษาจีน ปรัชญาดุษฎีบัณฑิต สาขาบริหารธุรกิจ CPHD (หลักสูตรภาษาจีน)(ป.เอก) |
||
| 856 |
_uhttps://elibrary.pim.ac.th/ebook/viewer?file=https://elibrary.pim.ac.th/ebook?id=ee3480c0-648d-11f0-8bd5-fa163e01dc04&id=ee3480c0-648d-11f0-8bd5-fa163e01dc04 _wee3480c0-648d-11f0-8bd5-fa163e01dc04 _zEbook Full text |
||
| 942 |
_2lcc _n0 _cETS |
||
| 999 |
_c1001990 _d1001990 |
||
| 856 |
_uhttps://elibrary.pim.ac.th/ebook/viewer?file=https://elibrary.pim.ac.th/ebook?id=e3ce71af-648d-11f0-8bd5-fa163e01dc04&id=e3ce71af-648d-11f0-8bd5-fa163e01dc04 _we3ce71af-648d-11f0-8bd5-fa163e01dc04 _zEbook Abstract |
||